<?xml version='1.0' encoding='UTF-8'?>
  <record xmlns="http://www.loc.gov/MARC21/slim">
    <leader>00000cam a2200000 i 4500</leader>
    <controlfield tag="001">ocn780531375</controlfield>
    <controlfield tag="003">OCoLC</controlfield>
    <controlfield tag="005">20250729235331.3</controlfield>
    <controlfield tag="008">790323s1829    ne            000 0 dut d</controlfield>
    <datafield tag="040" ind1=" " ind2=" ">
      <subfield code="a">NLGGC</subfield>
      <subfield code="b">dut</subfield>
      <subfield code="e">fobidrtb</subfield>
      <subfield code="c">NLGGC</subfield>
      <subfield code="d">OCLCO</subfield>
      <subfield code="d">OCLCA</subfield>
      <subfield code="d">OCLCF</subfield>
      <subfield code="d">OCLCA</subfield>
      <subfield code="d">QGJ</subfield>
      <subfield code="d">OCLCA</subfield>
      <subfield code="d">L2U</subfield>
      <subfield code="d">OCLCO</subfield>
      <subfield code="d">OCLCQ</subfield>
      <subfield code="d">OCLCL</subfield>
      <subfield code="d">OCLCQ</subfield>
      <subfield code="d">OCLCL</subfield>
    </datafield>
    <datafield tag="029" ind1="0" ind2=" ">
      <subfield code="a">NLGGC</subfield>
      <subfield code="b">782396771</subfield>
    </datafield>
    <datafield tag="035" ind1=" " ind2=" ">
      <subfield code="a">(OCoLC)780531375</subfield>
    </datafield>
    <datafield tag="041" ind1="0" ind2=" ">
      <subfield code="a">dut</subfield>
      <subfield code="a">fre</subfield>
      <subfield code="a">ger</subfield>
    </datafield>
    <datafield tag="050" ind1=" " ind2="4">
      <subfield code="a">ML265</subfield>
      <subfield code="b">.K476</subfield>
    </datafield>
    <datafield tag="082" ind1="1" ind2="4">
      <subfield code="a">780</subfield>
      <subfield code="q">OCoLC</subfield>
      <subfield code="2">15/eng/20231120</subfield>
      <subfield code="1">https://id.oclc.org/worldcat/ddc/E37PXc7YGhF8MWfrQmr7fwXfHg</subfield>
    </datafield>
    <datafield tag="084" ind1=" " ind2=" ">
      <subfield code="a">24.50</subfield>
      <subfield code="2">bcl</subfield>
    </datafield>
    <datafield tag="100" ind1="1" ind2=" ">
      <subfield code="a">Kiesewetter, R.G.</subfield>
      <subfield code="q">(Raphael Georg),</subfield>
      <subfield code="d">1773-1850.</subfield>
      <subfield code="1">https://id.oclc.org/worldcat/entity/E39PBJqVQywR6QKjKrHPWrKTpP</subfield>
    </datafield>
    <datafield tag="245" ind1="1" ind2="0">
      <subfield code="a">Verhandelingen over de vraag: welke verdiensten hebben zich de Nederlanders vooral in de 14e, 15e en 16e eeuw in het vak der toonkunst verworven; en in hoe verre kunnen de Nederlandsche kunstenaars van dien tijd, die zich naar Italien begeven hebben, invloed gehad hebben op de muzijkscholen, die zich kort daarna in Italien hebben gevormd? /</subfield>
      <subfield code="c">door R.G. Kiesewetter en F.J. Fétis ; bekroond en uitg. door de Vierde Klasse van het Koninklijk-Nederlandsche Instituut van Wetenschappen, Letterkunde en Schoone Kunsten.</subfield>
    </datafield>
    <datafield tag="246" ind1="3" ind2=" ">
      <subfield code="a">Verdienste der Niederländer um die Tonkunst</subfield>
    </datafield>
    <datafield tag="246" ind1="3" ind2=" ">
      <subfield code="a">Mémoire sur cette question: "Quels sont été les mérites des néerlandais dans la musique ...</subfield>
    </datafield>
    <datafield tag="260" ind1=" " ind2=" ">
      <subfield code="a">Amsterdam :</subfield>
      <subfield code="b">Muller,</subfield>
      <subfield code="c">1829.</subfield>
    </datafield>
    <datafield tag="300" ind1=" " ind2=" ">
      <subfield code="a">3 p. l., 120 p., 1 l., 73, 58 p. ;</subfield>
      <subfield code="c">27.</subfield>
    </datafield>
    <datafield tag="336" ind1=" " ind2=" ">
      <subfield code="a">tekst</subfield>
      <subfield code="b">txt</subfield>
      <subfield code="2">rdacontent/dut</subfield>
    </datafield>
    <datafield tag="337" ind1=" " ind2=" ">
      <subfield code="a">zonder medium</subfield>
      <subfield code="b">n</subfield>
      <subfield code="2">rdamedia/dut</subfield>
    </datafield>
    <datafield tag="338" ind1=" " ind2=" ">
      <subfield code="a">band</subfield>
      <subfield code="b">nc</subfield>
      <subfield code="2">rdacarrier/dut</subfield>
    </datafield>
    <datafield tag="500" ind1=" " ind2=" ">
      <subfield code="a">Met notenschrift.</subfield>
    </datafield>
    <datafield tag="510" ind1="0" ind2=" ">
      <subfield code="a">Saakes 9 (1830),</subfield>
      <subfield code="c">p. 140</subfield>
    </datafield>
    <datafield tag="530" ind1=" " ind2=" ">
      <subfield code="a">Titel is gedigitaliseerd voor de Koninklijke Bibliotheek in het kader van het Google Books-project.</subfield>
    </datafield>
    <datafield tag="505" ind1="0" ind2=" ">
      <subfield code="a">Bevat: Die Verdienste der Niederlænder um die Tonkunst ... / von Rafael Georg Kiesewetter ; Verzeichniss der im Fache der Tonkunst ... ausgezeichneten Niederländer, wie auch der aus deren Schule hervorgegangenen merkwürdigen Männer anderer Nationen, bis zum Ende des 16. Jahrhunderts": p.[31]-41 ; Anhang ; Musikalischen Beilagen...- Mémoire sur cette question: "Quels ont été les mérites des néerlandais dans la musique ..." / par Mr. F.J. Fétis.</subfield>
    </datafield>
    <datafield tag="650" ind1=" " ind2="0">
      <subfield code="a">Music</subfield>
      <subfield code="z">Netherlands</subfield>
      <subfield code="x">History and criticism.</subfield>
    </datafield>
    <datafield tag="650" ind1=" " ind2="0">
      <subfield code="a">Music</subfield>
      <subfield code="z">Italy</subfield>
      <subfield code="x">History and criticism.</subfield>
    </datafield>
    <datafield tag="650" ind1=" " ind2="0">
      <subfield code="a">Musicians, Dutch.</subfield>
    </datafield>
    <datafield tag="650" ind1=" " ind2="6">
      <subfield code="a">Musique</subfield>
      <subfield code="z">Pays-Bas</subfield>
      <subfield code="x">Histoire et critique.</subfield>
    </datafield>
    <datafield tag="650" ind1=" " ind2="6">
      <subfield code="a">Musique</subfield>
      <subfield code="z">Italie</subfield>
      <subfield code="x">Histoire et critique.</subfield>
    </datafield>
    <datafield tag="650" ind1=" " ind2="7">
      <subfield code="a">24.50 historical studies of music: general.</subfield>
      <subfield code="0">(NL-LeOCL)077601513</subfield>
      <subfield code="2">bcl</subfield>
    </datafield>
    <datafield tag="650" ind1=" " ind2="7">
      <subfield code="a">Music.</subfield>
      <subfield code="2">fast</subfield>
      <subfield code="0">(OCoLC)fst01030269</subfield>
    </datafield>
    <datafield tag="651" ind1=" " ind2="7">
      <subfield code="a">Italy.</subfield>
      <subfield code="2">fast</subfield>
      <subfield code="0">(OCoLC)fst01204565</subfield>
      <subfield code="1">https://id.oclc.org/worldcat/entity/E39PBJvd8mVMcRhwVmbtcqCPcP</subfield>
    </datafield>
    <datafield tag="651" ind1=" " ind2="7">
      <subfield code="a">Netherlands.</subfield>
      <subfield code="2">fast</subfield>
      <subfield code="0">(OCoLC)fst01204034</subfield>
      <subfield code="1">https://id.oclc.org/worldcat/entity/E39PBJk4D96j3YTHJQfHCV3vpP</subfield>
    </datafield>
    <datafield tag="650" ind1="1" ind2="7">
      <subfield code="a">Musici.</subfield>
      <subfield code="2">gtt</subfield>
      <subfield code="0">(NL-LeOCL)078597269</subfield>
    </datafield>
    <datafield tag="651" ind1=" " ind2="7">
      <subfield code="a">Nederland.</subfield>
      <subfield code="2">gtt</subfield>
      <subfield code="0">(NL-LeOCL)078600987</subfield>
    </datafield>
    <datafield tag="651" ind1=" " ind2="7">
      <subfield code="a">Italië.</subfield>
      <subfield code="2">gtt</subfield>
      <subfield code="0">(NL-LeOCL)078550602</subfield>
    </datafield>
    <datafield tag="655" ind1=" " ind2="7">
      <subfield code="a">Criticism, interpretation, etc.</subfield>
      <subfield code="2">fast</subfield>
      <subfield code="0">(OCoLC)fst01411635</subfield>
    </datafield>
    <datafield tag="700" ind1="1" ind2=" ">
      <subfield code="a">Fétis, F.J.</subfield>
      <subfield code="q">(François-Joseph),</subfield>
      <subfield code="d">1784-1871.</subfield>
      <subfield code="1">https://id.oclc.org/worldcat/entity/E39PBJmHPwcj3f6RPy43ccPxXd</subfield>
    </datafield>
    <datafield tag="710" ind1="2" ind2=" ">
      <subfield code="a">Koninklijk-Nederlandsche Instituut van Wetenschappen, Letterkunde en Schoone Kunsten, Vierde klasse (Amsterdam)</subfield>
    </datafield>
    <datafield tag="710" ind1="0" ind2=" ">
      <subfield code="a">Müller en comp., J. (Amsterdam)</subfield>
      <subfield code="4">prt</subfield>
      <subfield code="0">(NL-LeOCL)077143477</subfield>
    </datafield>
    <datafield tag="758" ind1=" " ind2=" ">
      <subfield code="a">Verhandelingen over de vraag: Welke verdiensten hebben zich de Nederlanders vooral in de 14e, 15e en 16e eeuw in het vak der toonkunst verworven (Text)</subfield>
      <subfield code="1">https://id.oclc.org/worldcat/entity/E39PCFMPC934fxrKtqxKy6rMdP</subfield>
      <subfield code="4">https://id.oclc.org/worldcat/ontology/hasWork</subfield>
    </datafield>
    <datafield tag="776" ind1="0" ind2=" ">
      <subfield code="t">Verhandelingen over de vraag: welke verdiensten hebben zich de Nederlanders vooral in de 14e, 15e en 16e eeuw in het vak der toonkunst verworven; en in hoe verre kunnen de Nederlandsche kunstenaars van dien tijd, die zich naar Italien begeven hebben, invloed gehad hebben op de muzijkscholen, die zich kort daarna in Italien hebben gevormd?</subfield>
      <subfield code="w">(NL-LeOCL)354638556</subfield>
    </datafield>
    <datafield tag="936" ind1=" " ind2=" ">
      <subfield code="a">BATCHLOAD</subfield>
    </datafield>
  </record>